Statistics for June 10th: Birthdays

Click here to take the quiz!

General Stats

  • This quiz has been taken 10 times
  • The average score is 2 of 7

Answer Stats

YearClueAnswer% Correct
1921Duke of EdinburghPrince Philip
89%
1922Actress in Wizard of OzJudy Garland
78%
18951st African-American to win an OscarHattie McDaniel
22%
1968Actor in F is for FamilyBill Burr
11%
1965Actress in ChristabelElizabeth Hurley
0%
1983Actress in UprisingLeelee Sobieski
0%
1915Won a Nobel in 1976Saul Bellow
0%

Score Distribution

Percentile by Number Answered

Percent of People with Each Score

Your Score History

You have not taken this quiz